Movie Acrostic Puzzle Quiz Stats

 Plays Quiz Updated Mar 28, 2019

     
Support Sporcle.
Go Orange.
Score 0/205 Timer 09:00
20 Plays Today
% Correct
''
99.9%
.
99.9%
''
99.9%
,
99.9%
,
99.9%
.
99.9%
.
99.9%
O
91.4%
O
91.4%
R
91.2%
R
91.2%
T
91.2%
T
91.2%
H
91%
H
91%
A
90%
A
90%
N
90%
N
90%
M
89.7%
M
89.7%
O
89.7%
O
89.7%
Z
89.6%
Z
89.6%
A
89.6%
A
89.6%
N
89.3%
N
89.3%
Y
88.6%
Y
88.6%
R
88.6%
R
88.6%
E
88.4%
E
88.4%
A
88.1%
A
88.1%
A
88.1%
A
88.1%
H
88%
H
88%
D
87.2%
D
87.2%
O
86.9%
O
86.9%
L
86.7%
L
86.7%
S
86.4%
S
86.4%
M
86.3%
M
86.3%
A
86.1%
A
86.1%
A
86%
A
86%
Y
85.9%
Y
85.9%
I
85.7%
I
85.7%
T
85.7%
T
85.7%
S
85.6%
S
85.6%
I
85.6%
I
85.6%
A
85.6%
A
85.6%
T
85.4%
T
85.4%
% Correct
D
85.4%
D
85.4%
T
85.3%
T
85.3%
D
85.2%
D
85.2%
I
85.2%
I
85.2%
S
85%
S
85%
L
84.9%
L
84.9%
H
84.8%
H
84.8%
I
84.7%
I
84.7%
A
84.7%
A
84.7%
W
84.6%
W
84.6%
O
84.6%
O
84.6%
S
84.5%
S
84.5%
A
84.5%
A
84.5%
I
84.4%
I
84.4%
E
84.4%
E
84.4%
X
84.1%
X
84.1%
I
84.1%
I
84.1%
E
84.1%
E
84.1%
S
84.1%
S
84.1%
Y
84%
Y
84%
K
83.9%
K
83.9%
M
83.8%
M
83.8%
T
83.7%
T
83.7%
Y
83.5%
Y
83.5%
C
83.2%
C
83.2%
B
83.1%
B
83.1%
D
83.1%
D
83.1%
E
83.1%
E
83.1%
R
82.9%
R
82.9%
G
82.9%
G
82.9%
E
82.2%
E
82.2%
I
82.2%
I
82.2%
E
81.9%
E
81.9%
E
81.9%
E
81.9%
A
81.8%
% Correct
A
81.8%
S
81.6%
S
81.6%
I
81.6%
I
81.6%
N
81.5%
N
81.5%
V
81.4%
V
81.4%
N
81.3%
N
81.3%
L
81.3%
L
81.3%
I
81.2%
I
81.2%
I
81.2%
I
81.2%
D
80.8%
D
80.8%
E
80.4%
E
80.4%
R
80.1%
R
80.1%
R
80%
R
80%
E
79.8%
E
79.8%
K
79.3%
K
79.3%
I
79.1%
I
79.1%
O
79.1%
O
79.1%
A
78.9%
A
78.9%
M
78.9%
M
78.9%
U
78.9%
U
78.9%
B
78.5%
B
78.5%
R
78.1%
R
78.1%
E
78.1%
E
78.1%
I
77.9%
I
77.9%
S
77.8%
S
77.8%
G
77.6%
G
77.6%
S
77.3%
S
77.3%
H
77%
H
77%
J
77%
J
77%
P
76.9%
P
76.9%
R
76.4%
R
76.4%
E
76.4%
E
76.4%
N
76.2%
N
76.2%
I
75.5%
I
75.5%

From the Vault

Religious Trivia Field

by vikZ

Is this a field that grows rosary beads?
Remove Ads.
Support Sporcle.
Get the best of Sporcle when you Go Orange. This ad-free experience offers more features, more stats, and more fun while also helping to support Sporcle. Thank you for becoming a member.

Show Comments

Extras

Top Quizzes Today


Score Distribution

Your Account Isn't Verified!

In order to create a playlist on Sporcle, you need to verify the email address you used during registration. Go to your Sporcle Settings to finish the process.

Report this User

Report this user for behavior that violates our Community Guidelines.

Details: